| 000 | 02489nam a22003977i 4500 | ||
|---|---|---|---|
| 003 | DO-SdBNP | ||
| 005 | 20241218100743.0 | ||
| 007 | ta | ||
| 008 | 240516b2023 dr ad||| |||| 00| 0 spa d | ||
| 020 | _a9789945942613 | ||
| 040 |
_aDO-SdBNP _bspa _cBNPHU _erda |
||
| 041 | _aspa | ||
| 082 | 0 | 4 |
_bR426r 2023 _222 |
| 110 | 1 |
_aRepública Dominicana. Ministerio de Relaciones Exteriores _bViceministerio para las Comunidades Dominicanas en el Exterior _985484 |
|
| 245 | 1 | 0 |
_aRemesas y migraciones en República Dominicana : retos, dinámicas y perspectivas / _cautores colaboradores Pablo Asencio García, Zhamir Brito, Mario Gallego Cosme, Manuel Orozco, Bryan Vásquez ; presentación Carlos De la Mota. |
| 250 | _aPrimera edición | ||
| 264 | 4 |
_aSanto Domingo, República Dominicana : _b Instituto de Dominicanos y Dominicanas en el Exterior ; Ministerio de Relaciones Exteriores ; Viceministerio para las Comunidades Dominicanas en el Exterior. _c©2023. |
|
| 300 |
_a105 páginas : _bilustraciones, gráficos, tablas ; _c23 cm. |
||
| 336 |
_atexto _btxt _2rdacontent |
||
| 337 |
_asin mediación _bn _2rdamedia |
||
| 338 |
_avolumen _bnc _2rdacarrier |
||
| 504 | _aBibliografía: p. 96-105 | ||
| 505 | 0 |
_aPresentación -- _tIntroduccción -- _tContexto general de las emigraciones dominicanas desde 1950 hasta la actualidad / _rZhamir Brito -- _tDinámica y tendencias de los flujos de remesas hacia la República Dominicana: repaso a sus principales variables caracterizadoras / _rBryan Vásquez – _tEl mercado de intermediación de remesas familiares de la República Dominicana / _rManuel Orozco _tMigraciones y remesas: retos y desafíos para la República Dominicana / _rMario Gallego Cosme _tMás allá de las remesas: experiencia y buenas prácticas de la República Dominicana en la gestión del desarrollo / _rMario Gallego Cosme, _rBryan Vásquez. |
|
| 590 | _aInventariado, 2024 /LP | ||
| 650 | 4 |
_aEmigración e Inmigración _zRepública Dominicana _985485 |
|
| 650 | 4 |
_aRemesas _zRepública Dominicana _910381 |
|
| 650 | 4 |
_aMovimiento de capitales _zRepública Dominicana _912122 |
|
| 650 | 4 |
_aEconomía _xDesarrollo local _985486 |
|
| 700 | 1 |
_aAsencio García, Pablo, _eintroducción _984116 |
|
| 700 | 1 |
_aMota, Carlos de la, _epresentación _985490 |
|
| 700 | 1 |
_aBrito, Zhamir, _eautor _985487 |
|
| 700 | 1 |
_aGallego Cosme, Mario, _eautor _984117 |
|
| 700 | 1 |
_aOrozco, Manuel, _eautor _985488 |
|
| 700 | 1 |
_aVásquez, Bryan _eautor _985489 |
|
| 942 |
_2ddc _cLBS1 |
||
| 999 |
_c56680 _d56680 |
||